Responses for Show #2665 - Friday, March 15, 1996

Contestants

[<< previous game]

Julie Richer, a software company owner from San Francisco, California

Elliot Wilen, a network administrator originally from Baltimore, Maryland

Michael Ireton, a graduate student originally from Fredericton, New Brunswick, Canada (whose 1-day cash winnings total $7,600)

[next game >>]

Jeopardy! Round responses

LANGUAGES
FICTIONAL CHARACTERS
PROVERBS
METALS
FAMOUS HOPKINS
COMMON BONDS
    $100 1
Thai

Elliot
    $100 13
Don Quixote

Elliot
    $100 5
horses

Julie
    $100 11
the flints

Triple Stumper
    $100 26
the Declaration of Independence

Elliot
    $100 21
shells

Julie
    $200 2
extinct

Elliot
    $200 17
(Michael: Who is Chevy Nova?)

Chevy Slyme

MichaelJulie
    $200 6
the tortoise

Elliot
    $200 12
gold

Julie
    $200 27
Anthony Hopkins

Julie
    $200 22
pads

Michael
    $300 3
French

Michael
    $300 18
a moustache

Elliot
    $300 7
God

Elliot
    $300 14
tin

Elliot
    $300 28
San Francisco

Julie
    $300 23
Rocky

Elliot
    $400 4
(Elliot: What is Lesotho?)
(Michael: What is Zimbabwe?)

Botswana

MichaelElliotJulie
    $400 19
James Fenimore Cooper

Triple Stumper
    $400 8
the bone

Michael
    $400 15
tungsten

Elliot
    $400 29
Franklin Roosevelt

Elliot
    $1,000 24
frozen

Elliot
    $500 10
English

Elliot
    $500 20
(Alex: C'est bien, correct.)

the Three Musketeers

Julie
    $500 9
(Julie: What is justice?)

love

Julie
Triple Stumper
    $500 16
magnesium

Elliot
    $500 30
Johns Hopkins

Elliot
    $500 25
false things

Julie

Scores at the first commercial break (after clue 15):

Michael Elliot Julie
$300 $1,700 $200

Scores at the end of the Jeopardy! Round:

Michael Elliot Julie
$300 $4,800 $2,000

Double Jeopardy! Round responses

CATHEDRALS & CHURCHES
WOMEN
MISSISSIPPI
MEDALS & DECORATIONS
REAL NAMES ON THE MARQUEE
PRESIDENTIAL TRIVIA
    $200 1
St. Mark's

Elliot
    $200 5
Australia

Julie
    $200 20
Jefferson Davis

Elliot
    $200 8
Mexico

Michael
    $200 13
Christopher Plummer & Julie Andrews

Julie
    $200 18
(John F.) Kennedy

Elliot
    $400 2
London

Michael
    $400 6
Twiggy

Elliot
    $400 30
Jackson

Elliot
    $400 9
the Vatican

Julie
    $400 14
Clark Gable & Claudette Colbert

Michael
    $400 19
Benjamin Franklin

Julie
    $600 3
(Julie: What is Massachusetts?)

Virginia

Julie
Triple Stumper
    $600 10
(Elliot: Who is Queen Elizabeth?)

Princess Diana

MichaelElliot
    $600 29
the blues

Michael
    $600 21
the cedar

Elliot
    $600 15
Geena Davis & Susan Sarandon

Michael
    $600 24
Woodrow Wilson

Elliot
    $800 4
Chartres

Julie
    $800 11
the Iditarod

Julie
    $800 28
Biloxi

Michael
    $800 22
(Julie: What is the Order of the Garter?)

the Legion of Honor (Legion d'Honneur)

Julie
Triple Stumper
    $800 16
Sean Connery & Tippi Hedren

Michael
    $800 25
Herbert Hoover

Triple Stumper
    $1,000 7
(Elliot: What is the Kremlin?)
(Alex: No. What is [*]? Located at the Kremlin.)

St. Basil's Cathedral

Elliot
    $1000 12
the Bureau of Indian Affairs

Julie
    $1000 27
Vicksburg

Elliot
    $1000 23
(Elliot: What is the Victoria's Cross?)
(Julie: What is the Order of the Garter?)
...
(Alex: Elliot, you added an apostrophe and an S to make an incorrect response. What is [*]? It is not called Victoria's Cross.)

the Victoria Cross

ElliotJulie
Triple Stumper
    $1000 17
Diane Keaton & Warren Beatty

Julie
    $1,000 26
(Elliot: Who is John Quincy Adams?)
...
(Alex: We have less than a minute to go.)

Martin Van Buren

Elliot

Scores at the end of the Double Jeopardy! Round:

Michael Elliot Julie
$4,700 $4,800 $4,400

[wagering suggestions for these scores]

Final Jeopardy! Round responses

PUBLISHING FIRSTS
JulieWhat is astrolog
$4,000
MichaelWhat is an atlas?
$4,700
ElliotWhat is an Atlas
$4,601
an atlas

Final scores:

Michael Elliot Julie
$9,400 $9,401 $400
2nd place: trip to Carmel Valley Ranch Resort + Magnavox camcorder New champion: $9,401 3rd place: Rug Doctor carpet cleaner

Game dynamics:

Coryat scores:

Michael Elliot Julie
$4,700 $6,200 $4,400
11 R,
2 W
23 R
(including 1 DD),
5 W
(including 2 DDs)
17 R,
4 W

Combined Coryat: $15,300

[game clues] [game scores] [suggest correction]

Game tape date: Unknown
The J! Archive is created by fans, for fans. Scraping, republication, monetization, and malicious use prohibited; this site may use cookies and collect identifying information. See terms. The Jeopardy! game show and all elements thereof, including but not limited to copyright and trademark thereto, are the property of Jeopardy Productions, Inc. and are protected under law. This website is not affiliated with, sponsored by, or operated by Jeopardy Productions, Inc. Join the discussion at JBoard.tv.